000 00934nam a2200229Ia 4500
999 _c39027
_d39027
001 5538
003 GE_BSU
005 20190528213908.0
008 181216s1981||||ge |||||||||||||| ||geo||
040 _cGE_BSU
041 _ageo
080 _a693.002.5(072) ბ-73
100 _aბიჭიაშვილი, ჯ.
_9913
245 _aსამშენებლო მანქანები ნაწ. 1 :
_bდამხმ. სახელმძღ. /
_cჯ. ბიჭიაშვილი ; რედ. ე. გიორგაძე.
264 _aთბილისი :
_bსპი,
_c1981.
300 _a130 გვ. :
_bილ.;
_c20 სმ.
300 _eბიბლიოგრ.: გვ.128.
504 _aბიბლიოგრ. : გვ.128.
653 _aსამშენებლო მანქანები
700 _aგიორგაძე, ე.
_eრედაქტორი
_9398
942 _cBK
_2udc